000 00369 a2200169 4500
001 171413
020 _a978-85-250-4427-3
040 _cMagnum
100 _aLobato, Monteiro
240 1 0 _aCaçadas de pedrinho
_lpor
245 1 0 _aCaçadas de pedrinho
300 _a71
362 0 _a2008
440 1 _aGlobo
697 _aLITERATURA INFANTO-JUVENIL
942 _cBK
999 _c171413
_d171413